General Football Knowledge Quiz #2 - Statistics

General Stats
  • This quiz has been taken 94 times
  • The average score is 11 of 15
Answer Stats
Question Answer % Correct
Which player has won the most Ballon d’Or awards? Lionel Messi
99%
Which club is nicknamed "The Gunners"? Arsenal
97%
Which country won the first-ever FIFA World Cup in 1930? Uruguay
95%
Which club has won the most English Premier League titles? Manchester United
92%
Who was the top scorer of the 2022 FIFA World Cup? Kylian Mbappé
88%
Who scored the winning goal in the 2014 FIFA World Cup final? Mario Götze
88%
Which of the following clubs has never won the UEFA Champions League? Paris Saint-Germain
85%
Which footballer holds the record for the fastest hat-trick in the Premier League? Sadio Mané
81%
In which year did Chelsea win their first-ever UEFA Champions League title? 2012
79%
Which of the following players is the youngest to ever play in a World Cup match? Pelé
79%
Who is the all-time top scorer in La Liga history? Lionel Messi
67%
Which player has the most assists in Premier League history? Ryan Giggs
65%
What was the transfer fee for Eden Hazard from Chelsea to Real Madrid? 120,00 mln €
49%
Which of the following players is Slovenian? Jaka Bijol
28%
Which African country was the first to reach a World Cup quarter-final? Cameroon
19%
No matching quizzes found
Score Distribution
Percent of People with Each Score
Percentile by Number Answered
Your Score History
You have not taken this quiz